000 00554nam a22002057a 4500
003 OSt
005 20251016020003.0
008 150428b xxu||||| |||| 00| 0 eng d
020 _a8122420923
040 _cDDC
082 _222nd ed.
_a543 KHO 2008
100 _aKhopkar, S.M
_9528
245 _aBasic concepts of analytical chemistry
250 _a3rd ed.
260 _aNew Delhi;
_bNew Age,
_c2008
300 _axxvii, 604p;
_bill:
_c24cm
504 _aAppendices, & index included
650 _aAnalytical Chemistry
_94235
942 _2ddc
_cO_SHELF
_01
999 _c1605
_d1605